| 000 | 00698nam a22002177a 4500 | ||
|---|---|---|---|
| 999 |
_c167983 _d167983 |
||
| 005 | 20190924153934.0 | ||
| 010 | _aENG-126533 | ||
| 020 |
_c775.00 _a9789353167127 |
||
| 035 | _aEN-110065 | ||
| 037 | _bDBAD/PUB | ||
| 082 |
_a643.12 _23rd |
||
| 100 | _aSwink , Morgan | ||
| 245 |
_aManaging Opeations : _cBy Morgan Swink ...[et.,all] |
||
| 260 |
_aChennai _bMcGraw Hill Education _c2017 |
||
| 270 |
_bChennai _a444/1, Sri Ekambara Naicker Industrial Estate, Alapakkam Porur _e600116 _minfo.india@mheducation.com |
||
| 300 |
_a610p. _c25cm,(pbk) |
||
| 700 | _aMelnyk , Steven | ||
| 700 | _aCooper , M. Bixby | ||
| 700 | _aHartley , Janet L, | ||
| 942 |
_2ddc _cEN _h643.12 _mSWI |
||